=LDR 00000nam 2200000 4500 =001 NUTBA000000000000486 =005 20140324170716.0 =006 =007 =008 =035 ##$$0010-031400000000485 =082 ##$$a 338.372 1 =100 ##$$a HANAFIAH =245 ##$$a TATA NIAGA HASIL PERIKANAN =260 ##$$a JAKARTA $b UNIV. INDONONESIA $c 1986 =440 ##$$a TATA NIAGA HASIL PERIKANAN =700 ##$$a HANAFIAH =990 ##$$a 0001/BPAP-NTB/2015 =990 ##$$a 0001/BPAP-NTB/2015 =990 ##$$a 0001/BPAP-NTB/2015 =990 ##$$a 0001/BPAP-NTB/2015 =990 ##$$a 0001/BPAP-NTB/2015 =990 ##$$a 0001/BPAP-NTB/2015